00237nam a2200085Ia 4500008004100000082001900041100002100060245005700081300001300138230907s9999||||xx |||||||||||||| ||und|| a621.38224bELE aCosta, Francois. 0aElectromagnetic compatibility in power electronics / apages cm